000 00483cam a22001217a 4500
008 180718b1985 xxu||||| |||| 00| 0 eng d
082 _aA81x54 In2/81/24/PT2A & PT2B
100 _aCensus of India 1981
245 _aAndaman and Nicobar Islands: general population tables and general primary census abstract
260 _aDelhi
_bThe Controller of Publications
_c1985
300 _a189+p.
440 _aCensus of India 1981. Series-24, Andaman and Nicobar Islands. Part-II-A and Part-II-B
999 _c482703
_d482703